|
|
|
|
| LEADER |
00000nam0a2200000 4500 |
| 001 |
105789 |
| 005 |
20231101214630.0 |
| 010 |
|
|
|a 502028565X
|
| 035 |
|
|
|a (RuTPU)RU\TPU\book\114149
|
| 090 |
|
|
|a 105789
|
| 100 |
|
|
|a 20061121d1988 km y0rusy50 ca
|
| 101 |
0 |
|
|a rus
|
| 102 |
|
|
|a RU
|
| 105 |
|
|
|a a z 001zy
|
| 200 |
1 |
|
|a Экстремальные свойства сплайнов и задача сглаживания
|f В. В. Вершинин, Ю. С. Завьялов, Н. Н. Павлов
|g Сибирское отделение АН СССР; Институт математики; под ред. В. Л. Мирошниченко
|
| 210 |
|
|
|a Новосибирск
|c Наука
|d 1988
|
| 215 |
|
|
|a 102 с.
|c ил.
|
| 320 |
|
|
|a Библиогр.: с. 100-102.
|
| 610 |
1 |
|
|a математика
|
| 610 |
1 |
|
|a вычислительная математика
|
| 610 |
1 |
|
|a сплайны
|
| 610 |
1 |
|
|a сглаживание
|
| 610 |
1 |
|
|a задачи
|
| 610 |
1 |
|
|a эксперименты
|
| 610 |
1 |
|
|a результаты
|
| 610 |
1 |
|
|a обработка
|
| 675 |
|
|
|a 519.65
|v 3
|
| 700 |
|
1 |
|a Вершинин
|b В. В.
|g Владимир Валентинович
|
| 701 |
|
1 |
|a Завьялов
|b Ю. С.
|g Юрий Семенович
|
| 701 |
|
1 |
|a Павлов
|b Н. Н.
|g Николай Николаевич
|
| 702 |
|
1 |
|a Мирошниченко
|b В. Л.
|4 340
|
| 712 |
0 |
2 |
|a Российская академия наук
|b Сибирское отделение
|b Институт математики им. С. Л. Соболева
|c (Новосибирск)
|2 stltpush
|3 (RuTPU)RU\TPU\col\43
|9 23149
|
| 801 |
|
1 |
|a RU
|b 63413507
|c 20061121
|g PSBO
|
| 801 |
|
2 |
|a RU
|b 63413507
|c 20180821
|g PSBO
|
| 942 |
|
|
|c BK
|